Tous les pays médaillés aux Jeux olympiques de 2024 - Statistiques

Statistiques générales
  • Ce quiz a été pris 86 fois
  • Le résultat moyen est 61 sur 91
Statistiques - réponses
Réponse Or Argent Bronze Total % Correct
États-Unis 40 44 42 126
100%
France 16 26 22 64
100%
Royaume-Uni 14 22 29 65
100%
Brésil 3 7 10 20
99%
Chine 40 27 24 91
99%
Espagne 5 4 9 18
99%
Japon 20 12 13 45
97%
Allemagne 12 13 8 33
96%
Australie 18 19 16 53
96%
Argentine 1 1 1 3
95%
Italie 12 13 15 40
95%
Norvège 4 1 3 8
95%
Pays-Bas 15 7 12 34
95%
Mexique 0 3 2 5
93%
Canada 9 7 11 27
92%
Corée du Sud 13 9 10 32
92%
Portugal 1 2 1 4
92%
Suède 4 4 3 11
92%
Maroc 1 0 1 2
91%
Algérie 2 0 1 3
88%
Irlande 4 0 3 7
88%
Nouvelle-Zélande 10 7 3 20
88%
Inde 0 1 5 6
86%
Pologne 1 4 5 10
86%
Suisse 1 2 5 8
86%
Belgique 3 1 6 10
84%
Hongrie 6 7 6 19
83%
Turquie 0 3 5 8
83%
Afrique du Sud 1 3 2 6
82%
Colombie 0 3 1 4
80%
Cuba 2 1 6 9
80%
Tunisie 1 1 1 3
80%
Danemark 2 2 5 9
79%
Kenya 4 2 5 11
79%
Chili 1 1 0 2
78%
Grèce 1 1 6 8
78%
Corée du Nord 0 2 4 6
76%
Égypte 1 1 1 3
76%
Jamaïque 1 3 2 6
76%
Autriche 2 0 3 5
75%
Roumanie 3 4 2 9
75%
Slovénie 2 1 0 3
75%
Bulgarie 3 1 3 7
74%
Pérou 0 0 1 1
74%
Slovaquie 0 0 1 1
72%
Ukraine 3 5 4 12
72%
Croatie 2 2 3 7
71%
Indonésie 2 0 1 3
71%
République Tchèque 3 0 2 5
71%
Kazakhstan 1 3 3 7
70%
Pakistan 1 0 0 1
70%
Serbie 3 1 1 5
70%
Iran 3 6 3 12
67%
Israël 1 5 1 7
67%
Ouzbékistan 8 2 3 13
66%
Lituanie 0 2 2 4
64%
Éthiopie 1 3 0 4
63%
Équateur 1 2 2 5
59%
Thaïlande 1 3 2 6
59%
Albanie 0 0 2 2
58%
Qatar 0 0 1 1
57%
Sainte-Lucie 1 1 0 2
54%
Panama 0 1 0 1
53%
Azerbaïdjan 2 2 3 7
51%
Fidji 0 1 0 1
51%
Géorgie 3 3 1 7
51%
Moldavie 0 1 3 4
50%
Tadjikistan 0 0 3 3
50%
Taipei Chinois 2 0 5 7
50%
Mongolie 0 1 0 1
49%
Arménie 0 3 1 4
43%
Côte d'Ivoire 0 0 1 1
43%
Kosovo 0 1 1 2
42%
Kirghizistan 0 2 4 6
41%
Malaisie 0 0 2 2
41%
Guatemala 1 0 1 2
38%
Philippines 2 0 2 4
38%
République Dominicaine 1 0 2 3
38%
Botswana 1 1 0 2
36%
Chypre 0 1 0 1
36%
Singapour 0 0 1 1
36%
Dominique 1 0 0 1
34%
Grenade 0 0 2 2
29%
Hong Kong 2 0 2 4
29%
Ouganda 1 1 0 2
29%
Zambie 0 0 1 1
29%
Jordanie 0 1 0 1
28%
Bahreïn 2 1 1 4
25%
Équipe olympique des réfugiés 0 0 1 1
22%
Cap-Vert 0 0 1 1
18%
Porto Rico 0 0 2 2
13%
Aucun quiz correspondant
Distribution des résultats
% des personnes avec chaque résultat
Percentile par nombre de réponses
Votre historique - résultats
Vous n’avez pas pris ce quiz